[Event "4. Magistral Internacional de Pinamar"]
[Site "Pinamar ARG"]
[Date "2006.11.20"]
[Round "1.1"]
[White "Hungaski, Robert Andrew"]
[Black "Quinteros, Miguel A"]
[Result "1-0"]
[WhiteElo "2366"]
[BlackElo "2488"]
[PlyCount "95"]
[EventDate "2006.11.20"]
[EventType "tourn"]
[EventRounds "11"]
[EventCountry "ARG"]
[EventCategory "7"]
[Source "lmi"]
[SourceDate "2006.11.20"]

1. Nf3 c5 2. c4 g6 3. e4 Bg7 4. d4 d6 5. Nc3 Nc6 6. d5 Na5 7. Bd2 Nf6 8. Be2
O-O 9. O-O e5 10. Ne1 Ne8 11. g3 f5 12. Ng2 Nf6 13. f3 b6 14. Qc2 Bd7 15. Bd3
fxe4 16. Nxe4 Nxe4 17. Bxe4 Bh3 18. Rf2 Qd7 19. Re1 Rf7 20. b3 Nb7 21. Ne3 Raf8
22. Nd1 Nd8 23. Qd3 Bf5 24. Nc3 Kh8 25. Kh1 Re7 26. Rg1 Ree8 27. g4 Bxe4 28.
Nxe4 Nf7 29. h4 Qe7 30. Rh2 Kg8 31. Rg3 Nh6 32. Bg5 Qd7 33. h5 Nf7 34. hxg6
Nxg5 35. gxh7+ Kh8 36. Nxg5 e4 37. Nxe4 Be5 38. Kg2 Qg7 39. Rh5 Bxg3 40. Kxg3
Re5 41. Qc3 Rxh5 42. Qxg7+ Kxg7 43. gxh5 Kxh7 44. Nxd6 Rg8+ 45. Kf4 Rg2 46. Ne4
Rxa2 47. d6 Ra1 48. d7 1-0

[Event "4. Magistral Internacional de Pinamar"]
[Site "Pinamar ARG"]
[Date "2006.11.20"]
[Round "1.2"]
[White "Giardelli, Sergio C"]
[Black "Rodriguez, Andres"]
[Result "0-1"]
[WhiteElo "2413"]
[BlackElo "2496"]
[PlyCount "68"]
[EventDate "2006.11.20"]
[EventType "tourn"]
[EventRounds "11"]
[EventCountry "ARG"]
[EventCategory "7"]
[Source "lmi"]
[SourceDate "2006.11.20"]

1. e4 e6 2. d3 d5 3. Qe2 Nf6 4. e5 Nfd7 5. Nf3 c5 6. g3 Nc6 7. Bg2 h6 8. h4 Be7
9. Bf4 b6 10. Nbd2 Bb7 11. Nf1 Qc7 12. h5 O-O-O 13. Ne3 Nd4 14. Nxd4 cxd4 15.
Ng4 Kb8 16. O-O Rc8 17. Rfc1 Bg5 18. c4 Bxf4 19. gxf4 dxc4 20. Rxc4 Nc5 21.
Bxb7 Qxb7 22. Rxd4 Rhd8 23. Rxd8 Rxd8 24. Rd1 Rd4 25. Ne3 Rxf4 26. d4 Ne4 27.
d5 Nxf2 28. Rc1 Nh3+ 29. Kh1 Rb4 30. Kh2 Ng5 31. Rd1 Re4 32. Qd3 exd5 33. Nxd5
Qd7 34. Qg3 Rh4+ 0-1

[Event "4. Magistral Internacional de Pinamar"]
[Site "Pinamar ARG"]
[Date "2006.11.20"]
[Round "1.3"]
[White "Kovalyov, Anton"]
[Black "Cordova, Emilio"]
[Result "1/2-1/2"]
[WhiteElo "2381"]
[BlackElo "2482"]
[PlyCount "70"]
[EventDate "2006.11.20"]
[EventType "tourn"]
[EventRounds "11"]
[EventCountry "ARG"]
[EventCategory "7"]
[Source "lmi"]
[SourceDate "2006.11.20"]

1. c4 c5 2. Nf3 e6 3. Nc3 b6 4. d4 cxd4 5. Nxd4 Bb7 6. e4 Be7 7. Ndb5 d6 8. Bf4
e5 9. Be3 a6 10. Na3 Nf6 11. f3 O-O 12. Nc2 Nh5 13. Qd2 Nd7 14. Nb4 Nf4 15.
Nbd5 Nxd5 16. Nxd5 Bxd5 17. cxd5 b5 18. Rc1 h6 19. Rc6 Nb8 20. Rc2 Nd7 21. g3
f5 22. exf5 Rxf5 23. Bg2 Bg5 24. O-O Nb6 25. Bh3 Bxe3+ 26. Qxe3 Rf6 27. Be6+
Kh8 28. b3 Nd7 29. Bh3 b4 30. Bxd7 Qxd7 31. Qe4 a5 32. Kg2 Raf8 33. Rff2 Qf7
34. h4 Qh5 35. Rc4 Qf7 1/2-1/2

[Event "4. Magistral Internacional de Pinamar"]
[Site "Pinamar ARG"]
[Date "2006.11.20"]
[Round "1.4"]
[White "Flores, Diego"]
[Black "Giaccio, Alfredo"]
[Result "1-0"]
[WhiteElo "2512"]
[BlackElo "2462"]
[PlyCount "71"]
[EventDate "2006.11.20"]
[EventType "tourn"]
[EventRounds "11"]
[EventCountry "ARG"]
[EventCategory "7"]
[Source "lmi"]
[SourceDate "2006.11.20"]

1. d4 d5 2. c4 c6 3. Nf3 Nf6 4. Nc3 e6 5. e3 a6 6. Bd2 Nbd7 7. c5 e5 8. dxe5
Ng4 9. Na4 Nxc5 10. Nxc5 Bxc5 11. h3 Nh6 12. Bd3 Qe7 13. Qc2 Bb4 14. O-O-O
Bxd2+ 15. Rxd2 g6 16. e4 Be6 17. exd5 Bxd5 18. Be4 Bxe4 19. Qxe4 Nf5 20. Rhd1
O-O 21. Rd7 Qc5+ 22. Qc2 Qa5 23. Qc4 b5 24. Qb3 c5 25. Qd5 Rae8 26. Ng5 Ne7 27.
Qb3 c4 28. Qf3 c3 29. Ne4 cxb2+ 30. Kxb2 Rd8 31. Qa3 Qxa3+ 32. Kxa3 Rxd7 33.
Rxd7 Nc6 34. f4 Rb8 35. e6 b4+ 36. Kb2 1-0

[Event "4. Magistral Internacional de Pinamar"]
[Site "Pinamar ARG"]
[Date "2006.11.20"]
[Round "1.5"]
[White "Rodi, Luis Ernesto"]
[Black "Cubas, Jose Fernando"]
[Result "0-1"]
[WhiteElo "2283"]
[BlackElo "2426"]
[PlyCount "62"]
[EventDate "2006.11.20"]
[EventType "tourn"]
[EventRounds "11"]
[EventCountry "ARG"]
[EventCategory "7"]
[Source "lmi"]
[SourceDate "2006.11.20"]

1. d4 d5 2. c4 c6 3. Nf3 Nf6 4. Nc3 dxc4 5. a4 Bf5 6. Ne5 Nbd7 7. Nxc4 Qc7 8.
g3 e5 9. dxe5 Nxe5 10. Bf4 Nfd7 11. Bg2 g5 12. Ne3 gxf4 13. Nxf5 O-O-O 14. Qc2
Kb8 15. O-O-O Ng6 16. Ne4 Bb4 17. Qb3 Qa5 18. Rd4 Bc5 19. Rc4 Bb6 20. Nfd6 f3
21. exf3 f5 22. Nxb7 Kxb7 23. Nd6+ Kb8 24. Qc2 Nde5 25. b4 Qd5 26. Rd1 Qe6 27.
Rc3 Rxd6 28. Rxd6 Qxd6 29. f4 Ng4 30. Rxc6 Qxb4 31. Qxf5 Ne7 0-1

[Event "4. Magistral Internacional de Pinamar"]
[Site "Pinamar ARG"]
[Date "2006.11.20"]
[Round "1.6"]
[White "Jonkman, Harmen"]
[Black "Lemos, Damian"]
[Result "0-1"]
[WhiteElo "2430"]
[BlackElo "2371"]
[PlyCount "118"]
[EventDate "2006.11.20"]
[EventType "tourn"]
[EventRounds "11"]
[EventCountry "ARG"]
[EventCategory "7"]
[Source "lmi"]
[SourceDate "2006.11.20"]

1. e4 e6 2. d4 d5 3. e5 c5 4. c3 Qb6 5. a3 Nc6 6. Nf3 c4 7. g3 Bd7 8. h4 Na5 9.
Nbd2 O-O-O 10. Bh3 f5 11. exf6 gxf6 12. O-O Nh6 13. Re1 e5 14. Bxd7+ Rxd7 15.
Re2 Nf5 16. Qc2 e4 17. Ne1 Rg8 18. Ng2 Bd6 19. Nxe4 dxe4 20. Qxe4 Ne7 21. Qxh7
Qd8 22. Bf4 Ng6 23. Qh6 Nxf4 24. Nxf4 Rh8 25. Qg6 Bxf4 26. Rae1 Rg8 27. Qh5 Rd5
28. Qf7 Rf8 29. Qg6 Qd7 30. Re8+ Rxe8 31. Rxe8+ Kc7 32. gxf4 Qf5 33. Re7+ Kd6
34. Qg7 Kc6 35. Rf7 Qb1+ 36. Kh2 Qxb2 37. Rxf6+ Kb5 38. Qg2 Rh5 39. Qg3 Nc6 40.
Rg6 Qe2 41. Rg5+ Ka4 42. f5 Ne7 43. f6 Nf5 44. f7 Nxh4 45. f8=Q Ng6+ 46. Kg2
Nxf8 47. Rxh5 Qxh5 48. Qc7 Qg4+ 49. Kf1 Qd1+ 50. Kg2 Kb3 51. Qxb7+ Kc2 52. Qc8
Kxc3 53. Qxf8 Qxd4 54. f4 Kc2 55. f5 c3 56. f6 Kd1 57. Qh6 Qd5+ 58. Kf2 c2 59.
Qh1+ Qxh1 0-1

[Event "4. Magistral Internacional de Pinamar"]
[Site "Pinamar ARG"]
[Date "2006.11.21"]
[Round "2.1"]
[White "Hungaski, Robert Andrew"]
[Black "Giardelli, Sergio C"]
[Result "0-1"]
[WhiteElo "2366"]
[BlackElo "2413"]
[PlyCount "140"]
[EventDate "2006.11.20"]
[EventType "tourn"]
[EventRounds "11"]
[EventCountry "ARG"]
[EventCategory "7"]
[Source "lmi"]
[SourceDate "2006.11.20"]

1. Nf3 Nf6 2. c4 c5 3. Nc3 b6 4. e4 d6 5. d4 cxd4 6. Nxd4 Bb7 7. f3 e6 8. Be2
Be7 9. O-O O-O 10. Be3 a6 11. Qd2 Nbd7 12. a4 Qc7 13. a5 bxa5 14. Nb3 Rab8 15.
Nxa5 Ba8 16. Na4 d5 17. c5 dxe4 18. b4 exf3 19. Bxf3 Bxf3 20. Rxf3 Nd5 21. Bf4
Nxf4 22. Qxf4 Qxf4 23. Rxf4 Ne5 24. Re4 Bf6 25. Rae1 Nd3 26. Rb1 Rbd8 27. Nb6
Ne5 28. Rbe1 Nd3 29. Rb1 Ne5 30. Rbe1 Nd3 31. R1e3 Nb2 32. Nc6 Rd1+ 33. Re1 Rd2
34. R1e2 Rd1+ 35. Re1 Rd2 36. R4e2 Rd3 37. Ra1 h5 38. g3 h4 39. Rf1 Nd1 40.
gxh4 Nc3 41. Rg2 Kh7 42. h5 Ne4 43. Rg4 Nd2 44. Rff4 Nf3+ 45. Kg2 Ne5 46. Nxe5
Bxe5 47. Rf3 Rd2+ 48. Rf2 Rfd8 49. Rc4 Rxf2+ 50. Kxf2 Bxh2 51. c6 Bc7 52. Nd7
Kh6 53. Rh4 Rc8 54. Ke3 Bd6 55. Rc4 Bc7 56. Rh4 f5 57. Kd3 Bd6 58. Rc4 Kxh5 59.
Kc3 g5 60. Nb6 Rc7 61. Na8 Ra7 62. Nb6 g4 63. Kd3 Rf7 64. Rd4 Bc7 65. Rd7 Rxd7+
66. Nxd7 g3 67. Ke2 Kg4 68. Nc5 f4 69. Nxe6 f3+ 70. Ke1 g2 0-1

[Event "4. Magistral Internacional de Pinamar"]
[Site "Pinamar ARG"]
[Date "2006.11.21"]
[Round "2.2"]
[White "Rodriguez, Andres"]
[Black "Kovalyov, Anton"]
[Result "1/2-1/2"]
[WhiteElo "2496"]
[BlackElo "2381"]
[PlyCount "78"]
[EventDate "2006.11.20"]
[EventType "tourn"]
[EventRounds "11"]
[EventCountry "ARG"]
[EventCategory "7"]
[Source "lmi"]
[SourceDate "2006.11.20"]

1. e4 c5 2. Nc3 Nc6 3. Nge2 e5 4. Nd5 a6 5. g3 Nge7 6. Bg2 Nxd5 7. exd5 Nd4 8.
O-O d6 9. Nxd4 exd4 10. Re1+ Be7 11. Qe2 b6 12. c3 dxc3 13. dxc3 Ra7 14. Bg5 h6
15. Bf4 O-O 16. Qh5 Re8 17. Bf1 Bf8 18. Bd3 Rxe1+ 19. Rxe1 Re7 20. Rb1 g6 21.
Qd1 b5 22. h4 Re8 23. a4 c4 24. Bf1 Qd7 25. axb5 axb5 26. b3 Qc7 27. bxc4 bxc4
28. Qd4 Bf5 29. Ra1 Re4 30. Qd2 Kh7 31. Bg2 Re8 32. Qd4 Bg7 33. Ra7 Bxd4 34.
Rxc7 Bxc3 35. Bxd6 Rc8 36. Rxc8 Bxc8 37. Bf1 Ba6 38. Be2 Bb5 39. Kf1 Kg7
1/2-1/2

[Event "4. Magistral Internacional de Pinamar"]
[Site "Pinamar ARG"]
[Date "2006.11.21"]
[Round "2.3"]
[White "Cordova, Emilio"]
[Black "Flores, Diego"]
[Result "1/2-1/2"]
[WhiteElo "2482"]
[BlackElo "2512"]
[PlyCount "159"]
[EventDate "2006.11.20"]
[EventType "tourn"]
[EventRounds "11"]
[EventCountry "ARG"]
[EventCategory "7"]
[Source "lmi"]
[SourceDate "2006.11.20"]

1. e4 c5 2. Nf3 e6 3. d4 cxd4 4. Nxd4 a6 5. Bd3 g6 6. c4 Bg7 7. Be3 Ne7 8. Nc3
O-O 9. O-O b6 10. f4 f5 11. Be2 Bb7 12. e5 g5 13. fxg5 Bxe5 14. Nf3 Bc7 15. Qd2
Ng6 16. h4 Nc6 17. Rad1 Rf7 18. h5 Nge5 19. Nh4 Qe7 20. Nd5 exd5 21. cxd5 Na5
22. d6 Qe6 23. Bf4 Bd8 24. Rfe1 Be4 25. Qc3 Nac6 26. Nf3 Nxf3+ 27. gxf3 b5 28.
fxe4 Ba5 29. Qg3 Bxe1 30. Rxe1 fxe4 31. Bg4 Qd5 32. Bd1 Nd4 33. g6 hxg6 34. Be5
Kf8 35. Qg5 Nf5 36. hxg6 Qxe5 37. gxf7 Qg7 38. Qxg7+ Kxg7 39. Rxe4 Kxf7 40. Rf4
Ke6 41. Bg4 Rf8 42. a4 Ke5 43. Rb4 Nd4 44. Bxd7 Rd8 45. Bxb5 axb5 46. axb5 Rxd6
47. b6 Rg6+ 48. Kf2 Rf6+ 49. Kg2 Rf8 50. b7 Nc6 51. Rh4 Rb8 52. Rh7 Kd6 53. Kf2
Ne7 54. Rh6+ Kc7 55. Re6 Nc6 56. Rh6 Kxb7 57. Ke1 Kc7 58. Rh2 Kd6 59. Kd1 Kd5
60. Kc1 Nd4 61. Rh7 Rg8 62. Kb1 Kc4 63. Rc7+ Kb4 64. Rb7+ Nb5 65. Rh7 Nd6 66.
Rc7 Rg1+ 67. Rc1 Rg7 68. Rc6 Nc4 69. Rc8 Na5 70. Rb8+ Nb7 71. Ka2 Rh7 72. Rg8
Nd6 73. Rb8+ Nb5 74. Kb1 Rh2 75. Ka2 Rg2 76. Kb1 Kc4 77. Ka2 Nc3+ 78. Ka3 Nd5
79. Rc8+ Kb5 80. Rb8+ 1/2-1/2

[Event "4. Magistral Internacional de Pinamar"]
[Site "Pinamar ARG"]
[Date "2006.11.21"]
[Round "2.4"]
[White "Giaccio, Alfredo"]
[Black "Rodi, Luis Ernesto"]
[Result "1-0"]
[WhiteElo "2462"]
[BlackElo "2283"]
[PlyCount "59"]
[EventDate "2006.11.20"]
[EventType "tourn"]
[EventRounds "11"]
[EventCountry "ARG"]
[EventCategory "7"]
[Source "lmi"]
[SourceDate "2006.11.20"]

1. e4 e5 2. Nf3 Nc6 3. Bb5 a6 4. Ba4 Nf6 5. O-O b5 6. Bb3 Bb7 7. d3 Bc5 8. Nc3
d6 9. Nd5 Na5 10. Bg5 Nxb3 11. axb3 Bxd5 12. exd5 h6 13. Bxf6 Qxf6 14. d4 exd4
15. Re1+ Kf8 16. Qd3 g6 17. Re4 Kg7 18. Rae1 Rhc8 19. g3 g5 20. h4 Kf8 21. hxg5
hxg5 22. Qd2 Re8 23. Nxg5 Qg6 24. Qf4 Rxe4 25. Rxe4 Re8 26. Ne6+ Rxe6 27. dxe6
f5 28. e7+ Ke8 29. Re1 c6 30. Qh4 1-0

[Event "4. Magistral Internacional de Pinamar"]
[Site "Pinamar ARG"]
[Date "2006.11.21"]
[Round "2.5"]
[White "Cubas, Jose Fernando"]
[Black "Jonkman, Harmen"]
[Result "1/2-1/2"]
[WhiteElo "2426"]
[BlackElo "2430"]
[PlyCount "118"]
[EventDate "2006.11.20"]
[EventType "tourn"]
[EventRounds "11"]
[EventCountry "ARG"]
[EventCategory "7"]
[Source "lmi"]
[SourceDate "2006.11.20"]

1. e4 e5 2. Nf3 Nc6 3. Bc4 Nf6 4. d3 Bc5 5. c3 d6 6. Bb3 a6 7. h3 Ba7 8. Nbd2
O-O 9. Nf1 d5 10. Qe2 Be6 11. Ng3 dxe4 12. dxe4 Bxb3 13. axb3 Qd6 14. Nh2 Qe6
15. b4 Ne7 16. Ng4 Ne8 17. Ra5 f6 18. Be3 Bxe3 19. Nxe3 Rd8 20. Qc4 Qxc4 21.
Nxc4 Nd6 22. Ne3 Ng6 23. O-O Nf4 24. Rd1 c6 25. Raa1 g6 26. f3 Kf7 27. Nh1 Ke6
28. Nf2 f5 29. Rd2 fxe4 30. fxe4 Rd7 31. Rad1 Rfd8 32. Neg4 h5 33. Nh2 Nc4 34.
Rxd7 Rxd7 35. Rxd7 Kxd7 36. Nf3 Ke6 37. Nd1 Nd3 38. b3 Nd6 39. Nd2 c5 40. bxc5
Nxc5 41. Nf2 a5 42. Kf1 b5 43. b4 axb4 44. cxb4 Nd7 45. Nd3 Kf6 46. Kf2 Nb8 47.
Ke3 Nc6 48. h4 Nd4 49. Nf3 Nc4+ 50. Kf2 Nc6 51. Ng5 Nd4 52. Nf3 Nc6 53. Ke2 Ke6
54. Ng5+ Ke7 55. Nf3 Kf6 56. Kf2 Na3 57. Nfe1 Nc4 58. Nf3 Na3 59. Nfe1 Nc4
1/2-1/2

[Event "4. Magistral Internacional de Pinamar"]
[Site "Pinamar ARG"]
[Date "2006.11.21"]
[Round "2.6"]
[White "Quinteros, Miguel A"]
[Black "Lemos, Damian"]
[Result "1-0"]
[WhiteElo "2488"]
[BlackElo "2371"]
[PlyCount "57"]
[EventDate "2006.11.20"]
[EventType "tourn"]
[EventRounds "11"]
[EventCountry "ARG"]
[EventCategory "7"]
[Source "lmi"]
[SourceDate "2006.11.20"]

1. Nf3 Nf6 2. g3 d5 3. Bg2 c6 4. d3 Bf5 5. Nh4 Bc8 6. f4 g6 7. O-O Bg7 8. Qe1
O-O 9. e4 dxe4 10. dxe4 Na6 11. e5 Ng4 12. h3 Nh6 13. g4 f5 14. g5 Nf7 15. Be3
Be6 16. Nf3 Bd5 17. Nc3 Bxf3 18. Bxf3 Qc7 19. Qf2 Nxe5 20. fxe5 Qxe5 21. Ne2
Qa5 22. Nf4 Nc7 23. Be2 Nd5 24. Ne6 Nxe3 25. Qxe3 Rfe8 26. Bc4 Kh8 27. c3 Qb6
28. Qxb6 axb6 29. Nc7 1-0

[Event "4. Magistral Internacional de Pinamar"]
[Site "Pinamar ARG"]
[Date "2006.11.22"]
[Round "3.1"]
[White "Kovalyov, Anton"]
[Black "Hungaski, Robert Andrew"]
[Result "1/2-1/2"]
[WhiteElo "2381"]
[BlackElo "2366"]
[PlyCount "173"]
[EventDate "2006.11.20"]
[EventType "tourn"]
[EventRounds "11"]
[EventCountry "ARG"]
[EventCategory "7"]
[Source "lmi"]
[SourceDate "2006.11.20"]

1. c4 Nf6 2. Nc3 g6 3. d4 Bg7 4. e4 d6 5. Be2 O-O 6. Bg5 Na6 7. h4 c5 8. d5 Nc7
9. Qd2 e6 10. Bd3 exd5 11. exd5 b5 12. cxb5 Qe8+ 13. Nge2 Ncxd5 14. O-O Bb7 15.
Rfe1 Qd7 16. Nxd5 Bxd5 17. Nc3 Bb7 18. Rad1 Qg4 19. Bf1 Bf3 20. Rc1 Nh5 21. Qd3
Bb7 22. Qd1 Qb4 23. a3 Qd4 24. Qxd4 Bxd4 25. Be7 Rfe8 26. Bxd6 Nf6 27. Bc4 Kg7
28. Kf1 h6 29. Rxe8 Rxe8 30. Rc2 g5 31. Re2 Rxe2 32. Bxe2 Nd7 33. hxg5 hxg5 34.
a4 Kf6 35. a5 Be5 36. Bg4 Bxd6 37. Bxd7 Ke7 38. Bf5 a6 39. Be4 Bxe4 40. Nxe4
axb5 41. a6 Bb8 42. Nxc5 f5 43. Ke2 Kd6 44. b4 Kd5 45. Kd3 Ba7 46. f3 g4 47. f4
Bb8 48. Nb3 Ba7 49. Nd2 Bb6 50. Nf1 Ba7 51. Ne3+ Ke6 52. g3 Bb6 53. Kd2 Ba7 54.
Ke2 Bb6 55. Kd2 Ba7 56. Ng2 Bb6 57. Nh4 Kf6 58. Ke2 Ba7 59. Ng2 Ke6 60. Ne1 Kd5
61. Nd3 Bb6 62. Ne5 Kd6 63. Kd3 Ba7 64. Ng6 Bb6 65. Nh4 Ke6 66. Ng2 Ba7 67. Ne1
Kd5 68. Nc2 Bb6 69. Na1 Ba7 70. Nb3 Bb6 71. Nc5 Ba7 72. Kc3 Bb6 73. Nd7 Ba7 74.
Nf6+ Kc6 75. Ne8 Bf2 76. a7 Bxa7 77. Ng7 Bf2 78. Nxf5 Be1+ 79. Kd3 Bxb4 80.
Nd4+ Kc5 81. f5 Be1 82. f6 Bxg3 83. f7 Bd6 84. Nxb5 Kxb5 85. Ke4 Kc6 86. f8=Q
Bxf8 87. Kf4 1/2-1/2

[Event "4. Magistral Internacional de Pinamar"]
[Site "Pinamar ARG"]
[Date "2006.11.22"]
[Round "3.2"]
[White "Giardelli, Sergio C"]
[Black "Quinteros, Miguel A"]
[Result "0-1"]
[WhiteElo "2413"]
[BlackElo "2488"]
[PlyCount "98"]
[EventDate "2006.11.20"]
[EventType "tourn"]
[EventRounds "11"]
[EventCountry "ARG"]
[EventCategory "7"]
[Source "lmi"]
[SourceDate "2006.11.20"]

1. d4 Nf6 2. Nf3 g6 3. g3 Bg7 4. Bg2 O-O 5. O-O d6 6. Nc3 Nbd7 7. e4 e5 8. h3
Re8 9. Re1 b6 10. Bg5 h6 11. Be3 Bb7 12. d5 Nc5 13. Nh2 a5 14. Qd2 Kh7 15. Rad1
Qd7 16. f3 b5 17. Qf2 b4 18. Ne2 c6 19. dxc6 Qxc6 20. Rd2 Na4 21. b3 Nc3 22.
Ng4 Nxg4 23. hxg4 Nxa2 24. Red1 a4 25. bxa4 Kg8 26. f4 exf4 27. Qxf4 Qxa4 28.
Rf1 Re7 29. Bd4 Qe8 30. Bxg7 Kxg7 31. Qf6+ Kg8 32. Rd4 Rc8 33. Rxd6 Bxe4 34.
Bxe4 Rxe4 35. Nf4 Qe5 36. Rf2 Qxf6 37. Rxf6 Nc3 38. Rb6 Rc7 39. Kg2 Kg7 40. Kf3
Rce7 41. Kg2 Nd1 42. Rf3 Nc3 43. Rd3 Rc4 44. Kf3 Ne4 45. Nd5 Ng5+ 46. Kf2 Rxc2+
47. Kf1 Rc1+ 48. Kf2 Rc2+ 49. Kf1 Ra7 0-1

[Event "4. Magistral Internacional de Pinamar"]
[Site "Pinamar ARG"]
[Date "2006.11.22"]
[Round "3.3"]
[White "Flores, Diego"]
[Black "Rodriguez, Andres"]
[Result "0-1"]
[WhiteElo "2512"]
[BlackElo "2496"]
[PlyCount "82"]
[EventDate "2006.11.20"]
[EventType "tourn"]
[EventRounds "11"]
[EventCountry "ARG"]
[EventCategory "7"]
[Source "lmi"]
[SourceDate "2006.11.20"]

1. d4 f5 2. c4 Nf6 3. Nc3 d6 4. g3 g6 5. Bg2 Bg7 6. d5 c5 7. Nh3 Na6 8. O-O O-O
9. a3 Nc7 10. Rb1 Rb8 11. b4 cxb4 12. axb4 b5 13. c5 a5 14. cxd6 exd6 15. bxa5
b4 16. Na4 Ne4 17. Bb2 Bxb2 18. Rxb2 Qf6 19. Qb3 Rb5 20. Qc4 Rxa5 21. Rxb4 Na6
22. Rb6 Nd2 23. Qc3 Qxc3 24. Nxc3 Nxf1 25. Bxf1 Rc5 26. Nb5 Rxd5 27. Nxd6 Nc5
28. e3 Rd1 29. Kg2 Bd7 30. Nf4 Ra8 31. Be2 Rc1 32. h4 Kg7 33. h5 Ra2 34. hxg6
hxg6 35. Nb7 Ne4 36. Rxg6+ Kh7 37. Nd8 Rxe2 38. Nxe2 Rc2 39. Nf4 Rxf2+ 40. Kg1
Rxf4 41. Ra6 Rg4 0-1

[Event "4. Magistral Internacional de Pinamar"]
[Site "Pinamar ARG"]
[Date "2006.11.22"]
[Round "3.4"]
[White "Rodi, Luis Ernesto"]
[Black "Cordova, Emilio"]
[Result "1/2-1/2"]
[WhiteElo "2283"]
[BlackElo "2482"]
[PlyCount "141"]
[EventDate "2006.11.20"]
[EventType "tourn"]
[EventRounds "11"]
[EventCountry "ARG"]
[EventCategory "7"]
[Source "lmi"]
[SourceDate "2006.11.20"]

1. d4 Nf6 2. Bg5 e6 3. e4 h6 4. Bxf6 Qxf6 5. Nc3 Bb4 6. Qd3 O-O 7. e5 Qf5 8.
Qxf5 exf5 9. f4 c6 10. Bd3 d6 11. Nf3 dxe5 12. fxe5 Rd8 13. O-O-O Bf8 14. h4 a5
15. h5 Na6 16. Nh4 Rxd4 17. Bxa6 Rxd1+ 18. Rxd1 Be7 19. Bxb7 Bxb7 20. Nxf5 Bg5+
21. Kb1 Bc8 22. Nd4 Bg4 23. Rh1 c5 24. Nf3 Re8 25. Nd5 Bxf3 26. gxf3 Rxe5 27.
c4 Re2 28. f4 Bd8 29. Rh3 Kh7 30. Re3 Rf2 31. Re8 Bh4 32. Rc8 Rf1+ 33. Kc2 Bf2
34. Rc7 Bd4 35. Rxf7 Rf2+ 36. Kd3 Rxb2 37. f5 Kg8 38. Ra7 Rxa2 39. Ne7+ Kf8 40.
Nc6 Bf6 41. Rxa5 Rh2 42. Rxc5 Rxh5 43. Ne5 Bxe5 44. Rxe5 Kf7 45. Ke4 Rh4+ 46.
Kd5 Kf6 47. c5 Rh1 48. Re4 Kxf5 49. Rd4 g5 50. c6 Rc1 51. Rc4 Rd1+ 52. Rd4 Re1
53. Rc4 Rd1+ 54. Rd4 Re1 55. c7 Re8 56. Rd1 h5 57. Rf1+ Kg6 58. Kd6 g4 59. Kd7
Ra8 60. Ra1 Rf8 61. Re1 Ra8 62. Re8 Ra7 63. Kd6 Rxc7 64. Kxc7 h4 65. Kd6 h3 66.
Rh8 Kf5 67. Kd5 Kf4 68. Kd4 Kf3 69. Kd3 Kg2 70. Ke3 g3 71. Kf4 1/2-1/2

[Event "4. Magistral Internacional de Pinamar"]
[Site "Pinamar ARG"]
[Date "2006.11.22"]
[Round "3.5"]
[White "Jonkman, Harmen"]
[Black "Giaccio, Alfredo"]
[Result "0-1"]
[WhiteElo "2430"]
[BlackElo "2462"]
[PlyCount "56"]
[EventDate "2006.11.20"]
[EventType "tourn"]
[EventRounds "11"]
[EventCountry "ARG"]
[EventCategory "7"]
[Source "lmi"]
[SourceDate "2006.11.20"]

1. e4 e6 2. d4 d5 3. e5 c5 4. c3 Nc6 5. Nf3 Bd7 6. Be2 Nge7 7. Na3 cxd4 8. cxd4
Nf5 9. Nc2 Qb6 10. O-O Na5 11. g4 Ne7 12. Nfe1 h5 13. gxh5 Nf5 14. Kh1 Bb5 15.
Nd3 Rc8 16. Be3 Nc4 17. b3 Ncxe3 18. fxe3 g6 19. a4 Ba6 20. b4 Bc4 21. Qd2 Qd8
22. Nc5 Bxe2 23. Qxe2 Bxc5 24. bxc5 Rxh5 25. Rxf5 Rxf5 26. Rf1 Rxf1+ 27. Qxf1
Qa5 28. Qf6 Qd2 0-1

[Event "4. Magistral Internacional de Pinamar"]
[Site "Pinamar ARG"]
[Date "2006.11.22"]
[Round "3.6"]
[White "Lemos, Damian"]
[Black "Cubas, Jose Fernando"]
[Result "1/2-1/2"]
[WhiteElo "2371"]
[BlackElo "2426"]
[PlyCount "118"]
[EventDate "2006.11.20"]
[EventType "tourn"]
[EventRounds "11"]
[EventCountry "ARG"]
[EventCategory "7"]
[Source "lmi"]
[SourceDate "2006.11.20"]

1. d4 d5 2. Nf3 Nf6 3. c4 e6 4. Nc3 Nbd7 5. Bf4 Bb4 6. e3 c5 7. Bd3 Qa5 8. O-O
Bxc3 9. bxc3 O-O 10. Ne5 Re8 11. Nxd7 Bxd7 12. Be5 dxc4 13. Bxc4 Ba4 14. Bb3
Bxb3 15. axb3 Qxc3 16. Rc1 Qb2 17. Bxf6 gxf6 18. Qg4+ Kh8 19. Qh4 Kg7 20. Rxc5
Rac8 21. Rh5 Rc1 22. Rxh7+ Kf8 23. Qh5 Rxf1+ 24. Kxf1 Qc1+ 25. Ke2 Qc2+ 26. Kf3
Qd1+ 27. Kg3 Qxh5 28. Rxh5 Ke7 29. Rb5 b6 30. d5 f5 31. dxe6 fxe6 32. h4 Rb8
33. Rb4 b5 34. h5 a5 35. Rh4 Rh8 36. Rh1 Kf6 37. h6 Rh7 38. f3 a4 39. bxa4 bxa4
40. Rh4 a3 41. Ra4 Rxh6 42. Rxa3 Rg6+ 43. Kf2 Rg8 44. Ra6 Rg7 45. Ra4 Rb7 46.
g4 Rb2+ 47. Kg3 Rb3 48. e4 fxe4 49. Rxe4 e5 50. Ra4 Rb6 51. Ra8 Kf7 52. Kf2 Rb3
53. Ra6 Rc3 54. g5 Rb3 55. Rf6+ Ke7 56. Rc6 Kf7 57. g6+ Kg7 58. Re6 Rd3 59. Kg2
Rb3 1/2-1/2

[Event "4. Magistral Internacional de Pinamar"]
[Site "Pinamar ARG"]
[Date "2006.11.22"]
[Round "4.1"]
[White "Hungaski, Robert Andrew"]
[Black "Flores, Diego"]
[Result "0-1"]
[WhiteElo "2366"]
[BlackElo "2512"]
[PlyCount "70"]
[EventDate "2006.11.20"]
[EventType "tourn"]
[EventRounds "11"]
[EventCountry "ARG"]
[EventCategory "7"]
[Source "lmi"]
[SourceDate "2006.11.20"]

1. Nf3 g6 2. c4 Bg7 3. e4 e5 4. d4 exd4 5. Nxd4 Nf6 6. Nc3 O-O 7. Be2 Re8 8. f3
c6 9. Bg5 Qb6 10. Nb3 Na6 11. c5 Nxc5 12. Be3 d6 13. Qxd6 Ncxe4 14. Qd3 Nxc3
15. Bxb6 Nxe2 16. Kf2 Bf5 17. Qc4 axb6 18. Rhe1 b5 19. Qh4 Bd3 20. a4 Nd5 21.
a5 Bc4 22. g3 Bf6 23. Qg4 Bxb2 24. Ra2 f5 25. Qh3 Nb4 26. Rxb2 Nd3+ 27. Kg2
Nef4+ 28. gxf4 Nxf4+ 29. Kg3 Nxh3 30. Rxe8+ Rxe8 31. Nc5 Ng5 32. Nxb7 Ra8 33.
Kf4 Nf7 34. Rd2 Bd5 35. Re2 Kf8 0-1

[Event "4. Magistral Internacional de Pinamar"]
[Site "Pinamar ARG"]
[Date "2006.11.22"]
[Round "4.2"]
[White "Giardelli, Sergio C"]
[Black "Kovalyov, Anton"]
[Result "0-1"]
[WhiteElo "2413"]
[BlackElo "2381"]
[PlyCount "88"]
[EventDate "2006.11.20"]
[EventType "tourn"]
[EventRounds "11"]
[EventCountry "ARG"]
[EventCategory "7"]
[Source "lmi"]
[SourceDate "2006.11.20"]

1. c4 Nf6 2. Nf3 c6 3. Qc2 d5 4. e3 a6 5. b3 Bg4 6. Bb2 Nbd7 7. Be2 e6 8. O-O
Bd6 9. d3 O-O 10. Nbd2 Qe7 11. h3 Bh5 12. Rfe1 a5 13. d4 Rfd8 14. Ne5 Bxe2 15.
Rxe2 Bb4 16. Nxd7 Rxd7 17. Bc3 Bxc3 18. Qxc3 Qb4 19. Rc1 Ne8 20. Qb2 Qe7 21.
Nf3 Rdd8 22. Ne5 Nd6 23. a3 f6 24. Nd3 Nf7 25. Rd2 Kh8 26. Rcd1 Nd6 27. Rc2 a4
28. cxd5 exd5 29. b4 g5 30. Re1 Rg8 31. f3 Nc4 32. Qc3 Nd6 33. Rce2 Nb5 34. Qb2
Qd6 35. Kh1 Rg7 36. Nc5 b6 37. Nd3 Re7 38. Nf2 Rae8 39. Qc1 Nxd4 40. Rb2 Nb3
41. Qd1 Rxe3 42. Rbe2 Rxe2 43. Rxe2 Rxe2 44. Qxe2 Qe5 0-1